| 000 | 00457 a2200169 4500 | ||
|---|---|---|---|
| 020 | _a817596491X | ||
| 022 | _a9788175964914 | ||
| 082 | _a302.202'85 | ||
| 090 |
_c6602 _d6602 |
||
| 100 | _aCarter,Ronald | ||
| 245 |
_aThe Web of Words. _bExploring Literature through language. _cRonald Carter. |
||
| 250 | _a1st. | ||
| 260 |
_aIndia. _bCambridge University Press. _c2007. |
||
| 300 | _a188p. | ||
| 500 | _aHard cover | ||
| 942 |
_aNBS _cBK _k302.202'85 CAR |
||
| 999 |
_c348960 _d348960 |
||